Boj proti chudobe a sociálnemu vylúčeniu v rámci Európa 2020

V krajinách EÚ sa v posledných rokoch zvyšuje podiel obyvateľov ohrozených chudobou alebo sociálnym vylúčením, narastá počet detí žijúcich v chudobe alebo ohrozených sociálnym vylúčením, zvyšuje sa počet chudobných pracujúcich a zvyšuje sa počet domácností s nezamestnanými členmi. Národné ciele člen...

Full description

Saved in:
Bibliographic Details
Main Author: Šipikalová, Silvia, 1979-
Format: Book Chapter
Language:Slovak
Subjects:
Tags: Add Tag
No Tags, Be the first to tag this record!

MARC

LEADER 00000nla a2200000 4500
001 0172022
005 20240502072941.1
041 0 |a slo 
044 |a SK 
245 1 0 |a Boj proti chudobe a sociálnemu vylúčeniu v rámci Európa 2020  |c Silvia Šipikalová 
520 |a V krajinách EÚ sa v posledných rokoch zvyšuje podiel obyvateľov ohrozených chudobou alebo sociálnym vylúčením, narastá počet detí žijúcich v chudobe alebo ohrozených sociálnym vylúčením, zvyšuje sa počet chudobných pracujúcich a zvyšuje sa počet domácností s nezamestnanými členmi. Národné ciele členských štátov EÚ na znižovanie podielu ľudí ohrozených chudobou alebo sociálnym vylúčením do roku 2020. Opatrenia. 
610 2 0 |a chudoba 
610 2 0 |a vylúčenie sociálne 
610 2 0 |a Európska únia 
100 1 |a Šipikalová, Silvia, 1979-